Derecho migratorio chileno
Shranjeno v:
| Main Authors: | , |
|---|---|
| Format: | Knjiga |
| Jezik: | španščina |
| Izdano: |
Santiago, Chile.
Jurídica de Chile,
2018
|
| Izdaja: | 2a. ed |
| Teme: | |
| Oznake: |
Označite
Brez oznak, prvi označite!
|
MARC
| LEADER | 00000cam a2200000 a 4500 | ||
|---|---|---|---|
| 001 | UCC5770 | ||
| 003 | CL-VaPUC | ||
| 005 | 20211019074259.0 | ||
| 008 | 181026e20180000cl |||||||||||||||||spa|d | ||
| 999 | |c 372884 |d 372882 | ||
| 020 | |a 9789561024274 | ||
| 040 | |c Pontificia Universidad Católica de Valparaíso | ||
| 082 | 0 | 4 | |a 342.83082 DEL 2018 |2 21 |
| 100 | 0 | |a Dellacasa Aldunate, Francisco José |e author |9 600127 | |
| 245 | 1 | 0 | |a Derecho migratorio chileno |
| 250 | |a 2a. ed | ||
| 260 | |a Santiago, Chile. |b Jurídica de Chile, |c 2018 | ||
| 300 | |a 261 páginas | ||
| 583 | |a last modification |c 20181114 03:21:53 |k Rodrigo Vera | ||
| 650 | 0 | |a Inmigración |9 268290 | |
| 650 | 7 | |a MIGRACION DE PERSONAS |2 CL-VaPUC |9 357970 | |
| 650 | 7 | |a DERECHO MIGRATORIO |2 CL-VaPUC |9 594668 | |
| 700 | 0 | |a Hurtado Fernández, José María |e author |9 600128 | |
| 942 | |c BK |2 ddc | ||
| 945 | |d 20181026 16:22:00 |a dcastane | ||
| 952 | |0 0 |1 0 |3 erb |4 0 |6 342_830820000000000_DEL_2018 |7 0 |8 A |9 490759 |a BIBDER |b BIBDER |i 5510341 |l 2 |o 342.83082 DEL 2018 |p 5510341 |r 2023-01-25 |s 2022-10-21 |w 2019-11-24 |y BK |z Catalogado en:20181026 |k DER | ||